| 000 | 00897nam a2200313 i 4500 | ||
|---|---|---|---|
| 001 | 000013085 | ||
| 003 | DO-SdBNP | ||
| 005 | 20250605082929.0 | ||
| 007 | ta | ||
| 008 | 250605s1974 dr 000 f spa d | ||
| 040 |
_aDO-SdBNP _bspa _cBNPHU _erda |
||
| 041 | _hsp | ||
| 082 |
_aRD863.44 _bS489v _222 |
||
| 100 | 1 |
_aSerulle, Haffe, _d1947- _eautor _922959 |
|
| 245 | 1 | 0 |
_aVoy a matar al presidente / _cHaffe Serulle. |
| 250 | _aCuarta edición | ||
| 264 |
_aSanto Domingo : _bEditora Tele-3, _c1974 |
||
| 300 |
_a196 páginas. ; _c20 cm. |
||
| 336 |
_ardacontent _btexto _2txt |
||
| 337 |
_ardamedia _bsin mediación _2n |
||
| 338 |
_ardacarrier _bvolumen _2nc |
||
| 500 | _aIncluye datos biográficos del autor | ||
| 590 | _aInventariado, 2025 / DG | ||
| 650 | 0 |
_aNovela dominicana _9223 |
|
| 650 | 0 |
_aLiteratura dominicana. _967 |
|
| 710 | _972951 | ||
| 910 | _aDG | ||
| 942 |
_2ddc _cLBS1 |
||
| 999 |
_c59145 _d59145 |
||